[Event "Riga Tech op-A"]
[Site "Riga"]
[Date "2023.08.07"]
[Round "1"]
[White "Akesson, Ralf"]
[Black "Korchagin, Oleg"]
[Result "1-0"]
[WhiteElo "2413"]
[BlackElo "2002"]
[PlyCount "77"]
[EventDate "2023.08.07"]
[EventType "swiss"]
[EventRounds "9"]
[EventCountry "LAT"]
[SourceTitle "CBM 215 Extra"]
[Source "ChessBase"]
[SourceDate "2023.09.30"]
[SourceVersion "1"]
[SourceVersionDate "2023.09.30"]
[SourceQuality "1"]

1. d4 Nf6 2. c4 g6 3. Nc3 d5 4. cxd5 Nxd5 5. Bd2 Bg7 6. e4 Nxc3 7. Bxc3 c5 8. d5 0-0 9. Bxg7 Kxg7 10. Qd2 e6 11. Bc4 exd5 12. Bxd5 Nc6 13. Qc3+ Qf6 14. Qxf6+ Kxf6 15. Bxc6 bxc6 16. 0-0-0 Re8 17. f3 Ba6 18. Nh3 Rad8 19. Nf2 Rd4 20. Rhe1 Red8 21. Re3 Rxd1+ 22. Nxd1 Rd3 23. Rxd3 Bxd3 24. Kd2 Bc4 25. Nc3 Ke5 26. Ke3 f6 27. f4+ Kd6 28. h4 h6 29. g3 Bg8 30. a3 Bb3 31. Kd3 Ke6 32. Kd2 Kd6 33. Kd3 Ke6 34. Nb1 Kd6 35. Nd2 Bg8 36. Nc4+ Ke7 37. Na5 Kd7 38. Nb7 c4+ 39. Kd4 1-0

[Event "Viljandi Raud Memorial 57th"]
[Site "Viljandi"]
[Date "2023.07.03"]
[Round "3"]
[White "Korchagin, Oleg"]
[Black "Tiisler, Ander"]
[Result "1-0"]
[WhiteElo "1993"]
[BlackElo "1298"]
[PlyCount "73"]
[EventDate "2023.07.02"]
[EventType "swiss"]
[EventRounds "9"]
[EventCountry "EST"]
[SourceTitle "CBM 215 Extra"]
[Source "ChessBase"]
[SourceDate "2023.09.30"]
[SourceVersion "1"]
[SourceVersionDate "2023.09.30"]
[SourceQuality "1"]

1. d4 Nf6 2. c4 g6 3. Nc3 Bg7 4. e4 d6 5. Be2 0-0 6. h4 h5 7. f3 c5 8. d5 Qa5 9. Bd2 Qb6 10. Qc2 e6 11. Nh3 exd5 12. cxd5 Nbd7 13. Nf2 Ne5 14. Be3 a6 15. Qd2 Bd7 16. Rg1 Bb5 17. Nxb5 axb5 18. Bh6 Nc4 19. Bxc4 bxc4 20. Bxg7 Kxg7 21. Nd1 Qb4 22. Nc3 Nd7 23. g4 Ne5 24. Ke2 Nd3 25. gxh5 Qxb2 26. Qxb2 Nxb2 27. hxg6 fxg6 28. h5 Rf6 29. Rab1 Ra3 30. Rxb2 Rxc3 31. Rxb7+ Kh6 32. hxg6 Rxg6 33. Rh1+ Kg5 34. Rf7 Rh6 35. Rg1+ Kh4 36. Rf4+ Kh3 37. Rh1+ 1-0

[Event "Riga Tech op 11th"]
[Site "Riga"]
[Date "2022.08.15"]
[Round "1"]
[White "Korchagin, Oleg"]
[Black "Carlsson, Ludvig"]
[Result "0-1"]
[WhiteElo "1986"]
[BlackElo "2387"]
[PlyCount "100"]
[EventDate "2022.08.15"]
[EventType "swiss"]
[EventRounds "9"]
[EventCountry "LAT"]
[SourceTitle "CBM 209 Extra"]
[Source "ChessBase"]
[SourceDate "2022.09.30"]
[SourceVersion "1"]
[SourceVersionDate "2022.09.30"]
[SourceQuality "1"]

1. d4 b6 2. c4 Bb7 3. Nc3 e6 4. a3 g6 5. e4 Bg7 6. Nf3 d6 7. Bg5 Ne7 8. Be2 Nd7 9. Qc2 h6 10. Be3 a6 11. d5 c5 12. dxe6 fxe6 13. 0-0-0 Qc7 14. Bf4 Ne5 15. Nxe5 dxe5 16. Be3 Nc6 17. Rd2 h5 18. Kb1 Nd4 19. Qd1 0-0-0 20. g4 hxg4 21. Bxg4 Kb8 22. Bg5 Rdf8 23. h4 Bf6 24. Bxf6 Rxf6 25. h5 gxh5 26. Rxh5 Rxh5 27. Bxh5 Qh7 28. Ka2 Rf4 29. Be8 Qh4 30. Qa4 Rxf2 31. Rxf2 Qxf2 32. Qd7 Ka7 33. Qd6 Qf1 34. Qxe5 Qxc4+ 35. Kb1 Qf1+ 36. Ka2 Nc2 37. Kb3 Nd4+ 38. Ka2 Qf8 39. Bh5 Qd8 40. Be2 Qb8 41. Qg7 Qf4 42. Qe7 Qe5 43. Bd3 Nc6 44. Qh7 Qd6 45. Bc4 Ne5 46. Bb3 b5 47. Qg7 Nf3 48. a4 Nd4 49. a5 b4 50. Na4 Nxb3 0-1

[Event "Riga Tech Rapid op"]
[Site "Riga"]
[Date "2022.08.14"]
[Round "8"]
[White "Hovakimyan, Vache"]
[Black "Korchagin, Oleg"]
[Result "1-0"]
[WhiteElo "1773"]
[BlackElo "1986"]
[PlyCount "61"]
[EventDate "2022.08.14"]
[EventType "swiss (rapid)"]
[EventRounds "9"]
[EventCountry "LAT"]
[SourceTitle "CBM 209 Extra"]
[Source "ChessBase"]
[SourceDate "2022.09.30"]
[SourceVersion "1"]
[SourceVersionDate "2022.09.30"]
[SourceQuality "1"]

1. d4 Nf6 2. c4 g6 3. Nc3 d5 4. cxd5 Nxd5 5. e4 Nxc3 6. bxc3 Bg7 7. Be3 c5 8. Qd2 cxd4 9. cxd4 0-0 10. Nf3 Nc6 11. Be2 Bg4 12. Rd1 Qd6 13. 0-0 Rfd8 14. d5 Bxf3 15. Bxf3 Ne5 16. Be2 Nd7 17. Rc1 b6 18. Rc6 Qa3 19. Rfc1 Ne5 20. Rc7 h5 21. h3 Qa4 22. Rxe7 Qxe4 23. d6 Bf6 24. Rec7 Nd7 25. Bf3 Qe6 26. Bxa8 Rxa8 27. Rc8+ Rxc8 28. Rxc8+ Kh7 29. Rc7 a5 30. a4 Be5 31. Bf4 1-0

[Event "Riga Tech Rapid op"]
[Site "Riga"]
[Date "2022.08.14"]
[Round "7"]
[White "Korchagin, Oleg"]
[Black "Gobleja, Karlis"]
[Result "1-0"]
[WhiteElo "1986"]
[BlackElo "1930"]
[PlyCount "132"]
[EventDate "2022.08.14"]
[EventType "swiss (rapid)"]
[EventRounds "9"]
[EventCountry "LAT"]
[SourceTitle "CBM 209 Extra"]
[Source "ChessBase"]
[SourceDate "2022.09.30"]
[SourceVersion "1"]
[SourceVersionDate "2022.09.30"]
[SourceQuality "1"]

1. d4 Nf6 2. c4 g6 3. Nc3 Bg7 4. e4 d6 5. Be2 0-0 6. Nf3 e5 7. 0-0 Nc6 8. d5 Ne7 9. b4 b6 10. Nd2 h5 11. c5 a5 12. cxd6 cxd6 13. Ba3 Ne8 14. Nc4 Ba6 15. bxa5 bxa5 16. Na4 f5 17. f3 Bh6 18. Kh1 Bxc4 19. Bxc4 Nf6 20. Bd3 Be3 21. exf5 gxf5 22. Qe1 Bf4 23. Bc1 Nexd5 24. Bxf5 Qe8 25. Bxf4 Nxf4 26. Nb6 Ra7 27. Nc4 d5 28. Nxa5 Rg7 29. g3 Ng6 30. Rc1 Nh7 31. Bh3 h4 32. Nc6 Ng5 33. Bg4 hxg3 34. hxg3 e4 35. Nd4 Qe5 36. Nc6 Qd6 37. f4 Nf3 38. Bxf3 exf3 39. Rxf3 Rc8 40. Rfc3 Rgc7 41. Nd4 Rxc3 42. Rxc3 Rb8 43. Rc6 Qb4 44. Rxg6+ Kh7 45. Qxb4 Rxb4 46. Rd6 Rxd4 47. Kg2 Rd2+ 48. Kf3 Kg7 49. f5 Kf7 50. g4 Ke7 51. Re6+ Kf7 52. Re2 Rd3+ 53. Re3 Rd2 54. a3 Ra2 55. Rd3 Kf6 56. Kf4 Ra1 57. g5+ Kf7 58. Rxd5 Rxa3 59. Rd7+ Ke8 60. Rb7 Ra5 61. g6 Kf8 62. Kg5 Kg8 63. Kh6 Rxf5 64. Rb8+ Rf8 65. Rxf8+ Kxf8 66. Kh7 Ke8 1-0

[Event "Pardubice op rapid 30th"]
[Site "Pardubice"]
[Date "2019.07.19"]
[Round "8"]
[White "Pacl, Vaclav"]
[Black "Korchagin, Oleg"]
[Result "0-1"]
[WhiteElo "2059"]
[BlackElo "2056"]
[PlyCount "124"]
[EventDate "2019.07.17"]
[EventType "swiss (rapid)"]
[EventRounds "9"]
[EventCountry "CZE"]
[SourceTitle "CBM 191 Extra"]
[Source "ChessBase"]
[SourceDate "2019.09.30"]
[SourceVersion "1"]
[SourceVersionDate "2019.09.30"]
[SourceQuality "1"]

1. Nf3 f5 2. d4 Nf6 3. Bf4 e6 4. e3 Be7 5. h3 d6 6. Nbd2 0-0 7. c3 Nc6 8. Qc2 Nd5 9. Bh2 Bf6 10. e4 fxe4 11. Nxe4 e5 12. Bc4 Be6 13. Qb3 Na5 14. Bxd5 Nxb3 15. Bxe6+ Kh8 16. Bxb3 exd4 17. 0-0 dxc3 18. Nxc3 c6 19. Rad1 d5 20. Nd4 Re8 21. Rd2 Qc8 22. Bc2 g6 23. Bd1 a6 24. Bg4 Qd8 25. Ne6 Qa5 26. Nc7 Bxc3 27. bxc3 Qxc3 28. Rdd1 Rad8 29. Nxe8 Rxe8 30. Rc1 Qf6 31. Rfe1 Re7 32. Rxe7 Qxe7 33. Kf1 h5 34. Re1 Qb4 35. Bd7 Kg7 36. Be5+ Kf7 37. Be6+ Kf8 38. f4 a5 39. f5 gxf5 40. Bxf5 a4 41. Re2 Qc4 42. Bg6 Qc1+ 43. Re1 Qc4+ 44. Kg1 h4 45. Rf1+ Ke7 46. Rf4 Qxa2 47. Rxh4 Qe2 48. Rh7+ Ke6 49. Bb8 Kf6 50. Bh5 Qe1+ 51. Kh2 a3 52. Rf7+ Kg5 53. Bf3 a2 54. Bg3 Qe6 55. h4+ Kg6 56. Rf4 a1Q 57. h5+ Kh7 58. Bg4 Qe7 59. Bf5+ Kh8 60. Bg6 Qae5 61. Rf8+ Kg7 62. Bxe5+ Qxe5+ 0-1

[Event "Pardubice op rapid 30th"]
[Site "Pardubice"]
[Date "2019.07.18"]
[Round "6"]
[White "Eliseev, Sergey1111"]
[Black "Korchagin, Oleg"]
[Result "0-1"]
[WhiteElo "2053"]
[BlackElo "2056"]
[PlyCount "50"]
[EventDate "2019.07.17"]
[EventType "swiss (rapid)"]
[EventRounds "9"]
[EventCountry "CZE"]
[SourceTitle "CBM 191 Extra"]
[Source "ChessBase"]
[SourceDate "2019.09.30"]
[SourceVersion "1"]
[SourceVersionDate "2019.09.30"]
[SourceQuality "1"]

1. d4 f5 2. Nf3 Nf6 3. Bf4 e6 4. e3 Be7 5. h3 d6 6. c4 a5 7. Nc3 Na6 8. a3 c6 9. b4 axb4 10. axb4 0-0 11. Bd3 e5 12. dxe5 dxe5 13. Nxe5 Bxb4 14. Qb3 Nc5 15. Qb2 Rxa1+ 16. Qxa1 Nxd3+ 17. Ke2 Nxf4+ 18. exf4 Qd4 19. Na2 Qe4+ 20. Kf1 Bc5 21. Nc3 Qxf4 22. Nd3 Qxc4 23. Ke2 Re8+ 24. Kd2 Rd8 25. Qb1 Ne4+ 0-1

[Event "Pardubice op rapid 30th"]
[Site "Pardubice"]
[Date "2019.07.18"]
[Round "5"]
[White "Korchagin, Oleg"]
[Black "Juchelka, Petr"]
[Result "1/2-1/2"]
[WhiteElo "2056"]
[BlackElo "1691"]
[PlyCount "108"]
[EventDate "2019.07.17"]
[EventType "swiss (rapid)"]
[EventRounds "9"]
[EventCountry "CZE"]
[SourceTitle "CBM 191 Extra"]
[Source "ChessBase"]
[SourceDate "2019.09.30"]
[SourceVersion "1"]
[SourceVersionDate "2019.09.30"]
[SourceQuality "1"]

1. d4 d5 2. c4 e6 3. Nc3 Nf6 4. cxd5 exd5 5. Bg5 c6 6. Qc2 Be7 7. e3 h6 8. Bh4 Nbd7 9. Bd3 c5 10. Nf3 c4 11. Be2 a6 12. a4 0-0 13. 0-0 b6 14. Ne5 Bb7 15. f4 Rc8 16. Bf3 Re8 17. Bf2 Bb4 18. g4 Bxc3 19. bxc3 Nxe5 20. dxe5 Nd7 21. Rfd1 Nc5 22. Rd4 f6 23. exf6 Qxf6 24. Bxd5+ Bxd5 25. Rxd5 Nd3 26. Rd4 Red8 27. Bg3 Rxd4 28. cxd4 Qc6 29. Rf1 b5 30. axb5 axb5 31. Be1 b4 32. Qe2 b3 33. Bc3 Rb8 34. e4 b2 35. Rb1 Rb3 36. Bxb2 Qb5 37. e5 Rxb2 38. Rxb2 Qxb2 39. Qxb2 Nxb2 40. Kf2 Nd3+ 41. Ke3 Kf7 42. f5 Ke7 43. h4 Nb4 44. Kd2 Nd5 45. g5 hxg5 46. hxg5 Kf7 47. f6 g6 48. Ke2 Ke6 49. Kf3 Nb6 50. Ke4 c3 51. Kd3 Nd5 52. Kc2 Kf7 53. Kd3 Ke6 54. Kc2 Kf7 1/2-1/2

[Event "Riga RTU rapid op"]
[Site "Riga"]
[Date "2019.07.04"]
[Round "8"]
[White "Korchagin, Oleg"]
[Black "Bracker, Arne"]
[Result "0-1"]
[WhiteElo "1957"]
[BlackElo "2227"]
[PlyCount "55"]
[EventDate "2019.07.04"]
[EventType "swiss (rapid)"]
[EventRounds "9"]
[EventCountry "LAT"]
[SourceTitle "EXT 2020"]
[Source "ChessBase"]
[SourceDate "2019.10.17"]
[SourceVersion "1"]
[SourceVersionDate "2019.10.17"]
[SourceQuality "1"]

1. d4 Nf6 2. c4 e6 3. Nf3 d5 4. cxd5 exd5 5. Qc2 Be7 6. Bf4 c6 7. Nc3 g6 8. h3 Bf5 9. Qb3 Qb6 10. Nd2 0-0 11. e3 Nbd7 12. g4 Be6 13. Be2 Qxb3 14. Nxb3 a5 15. Rc1 a4 16. Nd2 a3 17. b3 Bb4 18. Bh6 Rfc8 19. Kd1 Ne8 20. f4 f6 21. Bd3 Nd6 22. f5 Bf7 23. Bf4 g5 24. Bg3 Re8 25. Ke2 Re7 26. Kf3 h5 27. Rhe1 Rae8 28. Bxd6 0-1

[Event "Keres Memorial rap 26th"]
[Site "Tallinn"]
[Date "2017.01.14"]
[Round "3"]
[White "Korchagin, Oleg"]
[Black "Neiksans, Arturs"]
[Result "0-1"]
[WhiteElo "2158"]
[BlackElo "2627"]
[PlyCount "70"]
[EventDate "2017.01.14"]
[EventType "swiss (rapid)"]
[EventRounds "11"]
[EventCountry "EST"]
[SourceTitle "CBM 176 Extra"]
[Source "ChessBase"]
[SourceDate "2017.03.02"]
[SourceVersion "1"]
[SourceVersionDate "2017.03.02"]
[SourceQuality "1"]

1. d4 Nf6 2. c4 e6 3. Nf3 b6 4. g3 Ba6 5. Qa4 Bb7 6. Bg2 c5 7. 0-0 cxd4 8. Nxd4 Bxg2 9. Kxg2 Bc5 10. Rd1 0-0 11. b4 Be7 12. Na3 Qc8 13. f3 a6 14. Be3 Qb7 15. Kf2 d5 16. c5 bxc5 17. bxc5 Bxc5 18. Rab1 Qd7 19. Qb3 e5 20. Ndc2 d4 21. Kg2 Nd5 22. Bd2 Nc6 23. Nc4 Qe6 24. Qa4 f5 25. Rb3 e4 26. Re1 h6 27. Na5 Nxa5 28. Qxa5 Rac8 29. Qa4 Nb6 30. Qxa6 Ra8 31. Qb5 Rxa2 32. Rb2 Rxb2 33. Qxb2 Nc4 34. Qc1 d3 35. exd3 exf3+ 0-1

[Event "EST-ch"]
[Site "Tartu"]
[Date "2010.04.02"]
[Round "7"]
[White "Holvason, Juri"]
[Black "Korchagin, Oleg"]
[Result "1/2-1/2"]
[WhiteElo "2118"]
[BlackElo "2148"]
[PlyCount "100"]
[EventDate "2010.03.27"]
[EventType "tourn"]
[EventRounds "9"]
[EventCountry "EST"]
[EventCategory "3"]
[SourceTitle "CBM 135 Extra"]
[Source "ChessBase"]
[SourceDate "2010.05.04"]
[SourceVersion "1"]
[SourceVersionDate "2010.05.04"]
[SourceQuality "1"]

1. e4 g6 2. d4 Bg7 3. Nc3 c6 4. g3 d6 5. Bg2 Nd7 6. Nge2 Ngf6 7. 0-0 0-0 8. a4 Qc7 9. h3 e5 10. Be3 Re8 11. Qd2 Nf8 12. Rad1 Be6 13. f4 Bc4 14. Rf2 Bxe2 15. Rxe2 Nh5 16. Kh2 exf4 17. gxf4 f5 18. Bf3 Nf6 19. exf5 d5 20. Rg1 gxf5 21. Reg2 Ng6 22. h4 Kh8 23. Kh1 Bh6 24. Rxg6 hxg6 25. Rxg6 Bg7 26. Bf2 Nh7 27. Ne2 Qf7 28. Bh5 Re6 29. Rg5 Qf6 30. Rg2 Qh6 31. Ng3 Rf8 32. Kg1 Bf6 33. Rh2 Be7 34. Bf3 Bd6 35. Ne2 Nf6 36. Kf1 Ne4 37. Bxe4 fxe4 38. Be3 Qh5 39. Ke1 Rg6 40. c3 Rg4 41. Rf2 Rxh4 42. Kd1 Rh2 43. Qe1 Rg8 44. Rxh2 Qxh2 45. Qf1 Qg2 46. Qe1 Qh3 47. Kd2 Rg2 48. f5 Qf3 49. Qh4+ Kg7 50. Qh6+ Kg8 1/2-1/2

[Event "EST-ch"]
[Site "Tartu"]
[Date "2010.04.01"]
[Round "6"]
[White "Korchagin, Oleg"]
[Black "Vorobjov, Pavel"]
[Result "0-1"]
[WhiteElo "2148"]
[BlackElo "2101"]
[PlyCount "44"]
[EventDate "2010.03.27"]
[EventType "tourn"]
[EventRounds "9"]
[EventCountry "EST"]
[EventCategory "3"]
[SourceTitle "CBM 135 Extra"]
[Source "ChessBase"]
[SourceDate "2010.05.04"]
[SourceVersion "1"]
[SourceVersionDate "2010.05.04"]
[SourceQuality "1"]

1. d4 d5 2. c4 c6 3. Nc3 Nf6 4. Nf3 e6 5. e3 Nbd7 6. Qc2 Bd6 7. b3 0-0 8. Bb2 a6 9. Rd1 b5 10. c5 Bb8 11. Be2 Qc7 12. h4 Re8 13. Nb1 Ne4 14. Ng5 f5 15. Bd3 Ndf6 16. f4 Ng4 17. Bxe4 Nxe3 18. Qe2 Nxd1 19. Bc1 dxe4 20. Nxh7 e3 21. Rf1 Nf2 22. Qh5 Qf7 0-1

[Event "EST-ch"]
[Site "Tartu"]
[Date "2010.03.27"]
[Round "1"]
[White "Korchagin, Oleg"]
[Black "Seeman, Tarvo"]
[Result "0-1"]
[WhiteElo "2148"]
[BlackElo "2421"]
[PlyCount "94"]
[EventDate "2010.03.27"]
[EventType "tourn"]
[EventRounds "9"]
[EventCountry "EST"]
[EventCategory "3"]
[SourceTitle "CBM 135 Extra"]
[Source "ChessBase"]
[SourceDate "2010.05.04"]
[SourceVersion "1"]
[SourceVersionDate "2010.05.04"]
[SourceQuality "1"]

1. d4 Nf6 2. c4 g6 3. Nc3 Bg7 4. e4 d6 5. Nf3 0-0 6. Be2 e5 7. 0-0 Na6 8. Be3 c6 9. d5 Ng4 10. Bg5 f6 11. Bh4 c5 12. h3 Nh6 13. Ne1 Qe7 14. a3 Bd7 15. Nd3 b6 16. f3 Nf7 17. Kh2 Bh6 18. Qe1 Bg5 19. Bf2 f5 20. Bd1 Nc7 21. Ba4 fxe4 22. fxe4 Bxa4 23. Nxa4 b5 24. cxb5 Nxb5 25. b4 c4 26. Nc1 Nd4 27. Ra2 Rac8 28. Nc3 Bf4+ 29. Kh1 Qg5 30. N1e2 Nb3 31. Bh4 Qh6 32. Nxf4 exf4 33. Be7 Rfe8 34. Qh4 Qxh4 35. Bxh4 g5 36. Bf2 a6 37. Rc2 Kg7 38. Kh2 h5 39. g3 f3 40. g4 hxg4 41. Rg1 Ne5 42. Rxg4 Nxg4+ 43. hxg4 Kg6 44. Kg3 Rh8 45. Na4 Rce8 46. Nb6 Rxe4 47. Kxf3 Rf4+ 0-1

[Event "Baltija Cup"]
[Site "Palanga"]
[Date "2008.06.20"]
[Round "9"]
[White "Korchagin, Oleg"]
[Black "Chocenka, Dmitrijus"]
[Result "1/2-1/2"]
[WhiteElo "2179"]
[BlackElo "2289"]
[PlyCount "122"]
[EventDate "2008.06.16"]
[EventType "tourn"]
[EventRounds "9"]
[EventCountry "LIE"]
[EventCategory "2"]
[SourceTitle "CBM 125 Extra"]
[Source "ChessBase"]
[SourceDate "2008.09.01"]
[SourceVersion "1"]
[SourceVersionDate "2008.09.01"]
[SourceQuality "1"]

1. Nf3 Nf6 2. d3 d5 3. g3 g6 4. Bg2 Bg7 5. 0-0 0-0 6. Nc3 d4 7. Ne4 Nd5 8. Rb1 f5 9. Nc5 Qd6 10. Na4 c5 11. c4 Nc7 12. Bd2 a5 13. Qc1 Re8 14. e3 dxe3 15. Bxe3 b6 16. Bh6 Bh8 17. d4 cxd4 18. c5 bxc5 19. Nxc5 Nba6 20. Nb3 e5 21. Nxa5 e4 22. Nc4 Qc5 23. Ng5 Nb4 24. a3 Nd3 25. b4 Qe7 26. Qc2 Ne6 27. Nxe4 Nxb4 28. axb4 fxe4 29. Qxe4 Rb8 30. Na5 Qf7 31. Qc6 Bd7 32. Qd6 Bb5 33. Rfe1 Rbd8 34. Qb6 Bd3 35. Nb7 Bxb1 36. Nxd8 Rxd8 37. Rxb1 d3 38. Bh3 Re8 39. Be3 d2 40. Bxe6 Rxe6 41. Qd8+ Re8 42. Qxd2 Be5 43. Rd1 h5 44. Qd5 Re6 45. h4 Bxg3 46. fxg3 Rxe3 47. Qxf7+ Kxf7 48. Kf2 Rb3 49. Rd4 Ke6 50. Rc4 Kd5 51. Rf4 Ke5 52. Kg2 Rb2+ 53. Kh3 Rb3 54. Rc4 Kf6 55. Rc6+ Kg7 56. Rc4 Kf6 57. Kg2 Ke6 58. g4 Kd5 59. Rc5+ Kd6 60. Rg5 Rxb4 61. Rxg6+ Ke7 1/2-1/2

[Event "Baltija Cup"]
[Site "Palanga"]
[Date "2008.06.16"]
[Round "1"]
[White "Labeckas, Kestutis"]
[Black "Korchagin, Oleg"]
[Result "1/2-1/2"]
[WhiteElo "2265"]
[BlackElo "2179"]
[PlyCount "90"]
[EventDate "2008.06.16"]
[EventType "tourn"]
[EventRounds "9"]
[EventCountry "LIE"]
[EventCategory "2"]
[SourceTitle "CBM 125 Extra"]
[Source "ChessBase"]
[SourceDate "2008.09.01"]
[SourceVersion "1"]
[SourceVersionDate "2008.09.01"]
[SourceQuality "1"]

1. b4 e5 2. Bb2 f6 3. b5 d5 4. e3 Be6 5. Nf3 Ne7 6. d4 e4 7. Nfd2 Nd7 8. c4 c6 9. Nc3 a6 10. a4 h5 11. Be2 h4 12. h3 f5 13. Ba3 Nf6 14. bxa6 bxa6 15. Rb1 Ng6 16. Bxf8 Kxf8 17. cxd5 cxd5 18. Nb3 Nd7 19. f4 exf3 20. Bxf3 Qg5 21. Qd2 Qg3+ 22. Kf1 Qd6 23. a5 Re8 24. Ne2 Rh6 25. Nf4 Nxf4 26. exf4 Bf7 27. Kf2 Bh5 28. Rhe1 Rxe1 29. Rxe1 Bxf3 30. gxf3 Re6 31. Rxe6 Qxe6 32. Qb4+ Kg8 33. Nc5 Qd6 34. Nd3 Qg6 35. Qb7 Nf6 36. Qc8+ Kh7 37. Kf1 Nh5 38. Qd7 Ng3+ 39. Ke1 Nh1 40. Qxd5 Qg3+ 41. Kd2 Qxh3 42. Qf7 Ng3 43. Ne5 Qf1 44. Qg6+ Kg8 45. Qe8+ Kh7 1/2-1/2

[Event "EST-chT"]
[Site "Tallinn"]
[Date "2002.04.06"]
[Round "8"]
[White "Korchagin, Oleg"]
[Black "Kangur, Alvar"]
[Result "1-0"]
[WhiteElo "2144"]
[BlackElo "2242"]
[PlyCount "69"]
[EventDate "2002.03.08"]
[EventType "team-tourn"]
[EventRounds "10"]
[EventCountry "EST"]
[SourceTitle "CBM 087 Extra"]
[Source "ChessBase"]
[SourceDate "2002.05.03"]
[SourceVersion "2"]
[SourceVersionDate "2002.08.09"]
[SourceQuality "1"]

1. d4 Nf6 2. c4 g6 3. Nc3 Bg7 4. e4 d6 5. Nf3 0-0 6. Be2 e5 7. 0-0 Nc6 8. d5 Ne7 9. b4 Nh5 10. Re1 Nf4 11. Bf1 a5 12. bxa5 Rxa5 13. a4 c5 14. Nb5 h6 15. Ra3 g5 16. g3 Nfg6 17. Nd2 f5 18. exf5 Nxf5 19. Ne4 Ra6 20. Qh5 Qe8 21. Nc7 Qf7 22. Nxa6 Nd4 23. Bg2 Nc2 24. Rf3 Nf4 25. Qxf7+ Rxf7 26. Rf1 g4 27. Rxf4 exf4 28. Bxf4 bxa6 29. Nxd6 Rf8 30. Ne4 Nd4 31. Bd6 Re8 32. Bxc5 Bd7 33. Bxd4 Bxd4 34. Rd1 Be5 35. Nc5 1-0

[Event "Klaipeda 750 jub"]
[Site "Klaipeda"]
[Date "2002.??.??"]
[Round "5"]
[White "Korchagin, Oleg"]
[Black "Jocys, Dalius"]
[Result "0-1"]
[WhiteElo "2166"]
[BlackElo "2245"]
[PlyCount "52"]
[EventDate "2002.??.??"]
[EventType "swiss"]
[EventRounds "7"]
[EventCountry "LTU"]
[SourceTitle "EXT 2005"]
[Source "ChessBase"]
[SourceDate "2004.11.15"]
[SourceVersion "1"]
[SourceVersionDate "2004.11.15"]
[SourceQuality "1"]

1. d4 Nf6 2. c4 c5 3. d5 e6 4. Nc3 exd5 5. cxd5 d6 6. e4 g6 7. Be2 Bg7 8. Bf4 0-0 9. Qc2 Na6 10. Bxa6 bxa6 11. Nge2 Re8 12. 0-0 Rb8 13. Rab1 Nh5 14. Bd2 f5 15. Ng3 Nxg3 16. hxg3 fxe4 17. Nd1 Bg4 18. Qc4 Bxd1 19. Rfxd1 Bxb2 20. Qxa6 Be5 21. Qa3 Qd7 22. Re1 Qf7 23. Rxb8 Rxb8 24. Rxe4 Qxd5 25. Qe3 Qxa2 26. Rxe5 Qa1+ 0-1

[Event "Keres Memorial op"]
[Site "Tallinn"]
[Date "2000.08.22"]
[Round "9"]
[White "Karasev, Vladimir I"]
[Black "Korchagin, Oleg"]
[Result "1-0"]
[WhiteElo "2358"]
[BlackElo "2176"]
[PlyCount "67"]
[EventDate "2000.08.14"]
[EventType "swiss"]
[EventRounds "9"]
[EventCountry "EST"]
[SourceTitle "CBM 077 Extra"]
[Source "ChessBase"]
[SourceDate "2000.09.14"]
[SourceVersion "1"]
[SourceVersionDate "2000.09.14"]
[SourceQuality "1"]

1. e4 e5 2. Nc3 Nf6 3. g3 d5 4. exd5 Nxd5 5. Bg2 Nxc3 6. bxc3 Bd6 7. Rb1 c6 8. Ne2 0-0 9. d3 Na6 10. 0-0 Qc7 11. f4 exf4 12. Bxf4 Nc5 13. Bxd6 Qxd6 14. Nd4 Qg6 15. Qd2 Bd7 16. Qf4 Rae8 17. c4 Bc8 18. Rfe1 h6 19. Re5 Rxe5 20. Qxe5 Qg5 21. Nf5 Bxf5 22. Qxc5 Bc8 23. Qxa7 c5 24. Qa5 Qe3+ 25. Kh1 Re8 26. Qc7 f6 27. a4 h5 28. a5 Bg4 29. Qxb7 Be2 30. Rg1 Bg4 31. a6 Bc8 32. Qd5+ Be6 33. Qxh5 Bc8 34. Bd5+ 1-0

[Event "Keres Memorial op"]
[Site "Tallinn"]
[Date "2000.08.20"]
[Round "7"]
[White "Korchagin, Oleg"]
[Black "Sulikiene, Kristina"]
[Result "1-0"]
[WhiteElo "2176"]
[BlackElo "2024"]
[PlyCount "45"]
[EventDate "2000.08.14"]
[EventType "swiss"]
[EventRounds "9"]
[EventCountry "EST"]
[SourceTitle "CBM 077 Extra"]
[Source "ChessBase"]
[SourceDate "2000.09.14"]
[SourceVersion "1"]
[SourceVersionDate "2000.09.14"]
[SourceQuality "1"]

1. d4 Nf6 2. c4 e6 3. Nf3 d5 4. Nc3 Bb4 5. cxd5 exd5 6. Bg5 c6 7. e3 Qa5 8. Bxf6 Bxc3+ 9. bxc3 Qxc3+ 10. Nd2 gxf6 11. Rc1 Qb4 12. Bd3 Be6 13. 0-0 h5 14. Rc2 Nd7 15. Qf3 Qd6 16. Bf5 Bxf5 17. Qxf5 Qe6 18. Qf4 0-0-0 19. Rb1 Rhg8 20. f3 Rg5 21. Nf1 Rdg8 22. Kh1 Qh3 23. Qxg5 1-0

[Event "Keres Memorial op"]
[Site "Tallinn"]
[Date "2000.08.18"]
[Round "5"]
[White "Danilov, Nikolai"]
[Black "Korchagin, Oleg"]
[Result "1-0"]
[WhiteElo "2231"]
[BlackElo "2176"]
[PlyCount "77"]
[EventDate "2000.08.14"]
[EventType "swiss"]
[EventRounds "9"]
[EventCountry "EST"]
[SourceTitle "CBM 077 Extra"]
[Source "ChessBase"]
[SourceDate "2000.09.14"]
[SourceVersion "1"]
[SourceVersionDate "2000.09.14"]
[SourceQuality "1"]

1. Nf3 g6 2. d4 Bg7 3. c4 d6 4. Nc3 c6 5. e4 a6 6. a4 a5 7. Be3 Na6 8. Be2 Nf6 9. 0-0 0-0 10. h3 Nd7 11. Qd2 e5 12. Rad1 Qe7 13. d5 c5 14. Ne1 Nb4 15. Bg5 f6 16. Bh6 Rf7 17. Nb5 Nb6 18. b3 Bd7 19. Bxg7 Kxg7 20. Nd3 Bxb5 21. axb5 Nd7 22. Ra1 b6 23. Nb2 Raf8 24. Nd1 h6 25. Ne3 Rh8 26. Bg4 Nf8 27. h4 h5 28. Bh3 Rh7 29. Rad1 Kh8 30. Be6 Rfg7 31. f4 Nd7 32. Bxd7 Qxd7 33. fxe5 fxe5 34. Rf8+ Rg8 35. Rf6 Rf7 36. Rdf1 Rxf6 37. Rxf6 Kg7 38. Re6 Rf8 39. Nf5+ 1-0

[Event "Keres Memorial op"]
[Site "Tallinn"]
[Date "2000.08.17"]
[Round "4"]
[White "Korchagin, Oleg"]
[Black "Vooremaa, Andres M"]
[Result "0-1"]
[WhiteElo "2176"]
[BlackElo "2304"]
[PlyCount "114"]
[EventDate "2000.08.14"]
[EventType "swiss"]
[EventRounds "9"]
[EventCountry "EST"]
[SourceTitle "CBM 077 Extra"]
[Source "ChessBase"]
[SourceDate "2000.09.14"]
[SourceVersion "1"]
[SourceVersionDate "2000.09.14"]
[SourceQuality "1"]

1. d4 Nf6 2. c4 g6 3. Nc3 Bg7 4. e4 d6 5. Nf3 0-0 6. Be2 c6 7. 0-0 a6 8. a4 a5 9. h3 Nfd7 10. Be3 Na6 11. Qd2 e5 12. Rad1 Qe7 13. Nh2 f5 14. exf5 gxf5 15. dxe5 dxe5 16. f4 e4 17. Rf2 Ndc5 18. Qd6 Qxd6 19. Rxd6 Be6 20. g4 Rad8 21. Rxd8 Rxd8 22. gxf5 Bxf5 23. Bg4 Bxg4 24. Nxg4 Rd3 25. Re2 Bxc3 26. bxc3 Rxc3 27. f5 Nd7 28. Rg2 Kf8 29. f6 Kf7 30. Bd4 Rd3 31. Ne5+ Nxe5 32. Bxe5 Ke6 33. Rg8 Rd7 34. Re8+ Kf7 35. Rh8 Kg6 36. Rg8+ Kf5 37. Re8 Rf7 38. Bc3 Nc7 39. Re5+ Kf4 40. Rxa5 Ne8 41. Kf2 e3+ 42. Ke2 Nxf6 43. Bd4 Ke4 44. Bxe3 Rg7 45. Bf2 Kf4 46. Be3+ Kg3 47. Rf5 Ne4 48. Bd4 Kxh3 49. Rf3+ Rg3 50. Rf7 h5 51. Rxb7 Ra3 52. Rc7 Kg2 53. Rxc6 Ng3+ 54. Kd2 h4 55. Be5 Rxa4 56. Bxg3 hxg3 57. Kd3 Ra1 0-1